Natasha's dance : (Record no. 968)

000 -LEADER
fixed length control field 01395nam a22003737a 4500
001 - CONTROL NUMBER
control field 12796892
003 - CONTROL NUMBER IDENTIFIER
control field OSt
005 - DATE AND TIME OF LATEST TRANSACTION
control field 20210426112052.0
008 - FIXED-LENGTH DATA ELEMENTS--GENERAL INFORMATION
fixed length control field 020531s2002 nyuabf b 001 0 eng
010 ## - LIBRARY OF CONGRESS CONTROL NUMBER
LC control number 2002071881
020 ## - INTERNATIONAL STANDARD BOOK NUMBER
International Standard Book Number 0805057838
040 ## - CATALOGING SOURCE
Original cataloging agency DLC
Transcribing agency DLC
Modifying agency DLC
043 ## - GEOGRAPHIC AREA CODE
Geographic area code e-ur---
050 00 - LIBRARY OF CONGRESS CALL NUMBER
Classification number DK32
Item number .F54 2002
080 ## - UNIVERSAL DECIMAL CLASSIFICATION NUMBER
Universal Decimal Classification number 94
Item number D-18
082 00 - DEWEY DECIMAL CLASSIFICATION NUMBER
Classification number 947
Edition number 21
100 1# - MAIN ENTRY--PERSONAL NAME
Personal name Figes, Orlando.
245 10 - TITLE STATEMENT
Title Natasha's dance :
Remainder of title a cultural history of Russia /
Statement of responsibility, etc. Orlando Figes.
250 ## - EDITION STATEMENT
Edition statement 1st ed.
260 ## - PUBLICATION, DISTRIBUTION, ETC.
Place of publication, distribution, etc. New York :
Name of publisher, distributor, etc. Metropolitan Books,
Date of publication, distribution, etc. 2002.
300 ## - PHYSICAL DESCRIPTION
Extent xxxiii, 728 p., [16] p. of plates :
Other physical details ill. (some col.), maps ;
Dimensions 25 cm.
365 ## - TRADE PRICE
Price note 35.00 USD
504 ## - BIBLIOGRAPHY, ETC. NOTE
Bibliography, etc. note Includes bibliographical references (p. 661-689) and index.
650 #0 - SUBJECT ADDED ENTRY--TOPICAL TERM
9 (RLIN) 252
Topical term or geographic name entry element History
651 #0 - SUBJECT ADDED ENTRY--GEOGRAPHIC NAME
Geographic name Russia
General subdivision Civilization.
653 ## - INDEX TERM--UNCONTROLLED
Uncontrolled term რუსეთის ისტორია
653 ## - INDEX TERM--UNCONTROLLED
Uncontrolled term ისტორია
856 42 - ELECTRONIC LOCATION AND ACCESS
Materials specified Contributor biographical information
Uniform Resource Identifier <a href="http://www.loc.gov/catdir/bios/hol051/2002071881.html">http://www.loc.gov/catdir/bios/hol051/2002071881.html</a>
856 41 - ELECTRONIC LOCATION AND ACCESS
Materials specified Sample text
Uniform Resource Identifier <a href="http://www.loc.gov/catdir/samples/hol041/2002071881.html">http://www.loc.gov/catdir/samples/hol041/2002071881.html</a>
856 42 - ELECTRONIC LOCATION AND ACCESS
Materials specified Publisher description
Uniform Resource Identifier <a href="http://www.loc.gov/catdir/description/hol021/2002071881.html">http://www.loc.gov/catdir/description/hol021/2002071881.html</a>
906 ## - LOCAL DATA ELEMENT F, LDF (RLIN)
a 7
b cbc
c orignew
d 1
e ocip
f 20
g y-gencatlg
942 ## - ADDED ENTRY ELEMENTS (KOHA)
Source of classification or shelving scheme
Koha item type Books
Holdings
Withdrawn status Lost status Source of classification or shelving scheme Damaged status Not for loan Permanent location Current location Date acquired Inventory number Total Checkouts Full call number Barcode Date last seen Price effective from Koha item type
          Ken Walker International University Ken Walker International University 01/27/2021 2462   94 D-18 2462 01/27/2021 01/27/2021 Books

Powered by Koha